000 00233nam a22001097a 4500
082 _a629.25 MOT'K
100 _aKHOVAKH, M
_979463
245 _aMOTOR VEHICLES ENGINES
260 _aMOSCOW
_bMIR
_c1971
300 _a619P
942 _cBK
999 _c584509
_d584509